LEADER 02454nam 2200541 a 450 001 9910789683403321 005 20230617032533.0 010 $a1-283-20073-2 010 $a9786613200730 010 $a0-567-57329-X 035 $a(CKB)2670000000106587 035 $a(EBL)742596 035 $a(OCoLC)745866091 035 $a(SSID)ssj0000522465 035 $a(PQKBManifestationID)12179989 035 $a(PQKBTitleCode)TC0000522465 035 $a(PQKBWorkID)10528834 035 $a(PQKB)10256716 035 $a(MiAaPQ)EBC742596 035 $a(EXLCZ)992670000000106587 100 $a20050509d2004 uy 0 101 0 $aeng 135 $aur|n|---||||| 181 $ctxt 182 $cc 183 $acr 200 14$aThe exegetical texts$b[electronic resource] /$fJonathan G. Campbell 210 $aLondon ;$aNew York $cT&T Clark$d2004 215 $a1 online resource (149 p.) 225 1 $aCompanion to the Qumran scrolls ;$v4 225 1 $aT & T Clark biblical studies 300 $aDescription based upon print version of record. 311 $a0-567-04528-5 320 $aIncludes bibliographical references and indexes. 327 $aIntroduction -- Scripture and interpretation -- 4QFlorilegium (4Q174) -- 4QCatenae A-B (4Q177, 182) -- 11QMelchizedek (11Q13) -- 4QAges of creation A-B (4Q180-181) -- 4QTanhumim (4Q176) -- 4QTestinomia (4Q175) -- Scripture and interpretation in the exegetical texts. 330 $aJonathan G. Campbell provides an introduction to eight sectarian manuscripts from among the Qumran Dead Sea Scrolls that can loosely be called the 'Exegetical Texts'. He examines their contents, background, genre, and significance and he provides a history of the relevant research. The Exegetical Texts constitute a particularly diverse strand of sectarian compositions among the Qumran Dead Sea Scrolls. For this reason, the eight documents are treated in turn in more or less equal measure, with two introductory chapters to set the scene and a conclusion drawing the discussion to a close. Each c 410 0$aCompanion to the Qumran scrolls ;$v4. 410 0$aT & T Clark biblical studies. 676 $a296.1/55 676 $a296.155 700 $aCampbell$b Jonathan G$g(Jonathan Goodson),$f1964-$0896391 801 0$bMiAaPQ 801 1$bMiAaPQ 801 2$bMiAaPQ 906 $aBOOK 912 $a9910789683403321 996 $aThe exegetical texts$93835248 997 $aUNINA LEADER 01226nam0 22002651i 450 001 UON00140402 005 20231205102838.917 100 $a20020107d1982 |0itac50 ba 101 $aeng 102 $aER 105 $a|||| ||||| 200 1 $aSpeech delivered at the Congress of the Eritrea Region Red Star Multi-faceted Revolution Campaign. Nation-wide address delivered at Massawa$fMengistu Haile-Mariam 210 $aAsmara$cBerhanena Salam Printing Press$d1982 215 $a79 p.$d17 cm 606 $aERITREA$xPolitica$xCongressi$3UONC019143$2FI 620 $dAsmara$3UONL001821 676 $a320.9635$cPOLITICA E GOVERNO DELL'ERITREA$v21 700 0$aMENGISTU Haile Mariam$3UONV084946$0671248 712 $aBerhanena Salam$3UONV257863$4650 801 $aIT$bSOL$c20240220$gRICA 899 $aSIBA - SISTEMA BIBLIOTECARIO DI ATENEO$2UONSI 912 $aUON00140402 950 $aSIBA - SISTEMA BIBLIOTECARIO DI ATENEO$dSI ET MISC XIII 112 $eSI AA 5302 7 112 996 $aSpeech delivered at the Congress of the Eritrea Region Red Star Multi-faceted Revolution Campaign. Nation-wide address delivered at Massawa$91278755 997 $aUNIOR